| 000 | 00837nam a2200205 a 4500 | ||
|---|---|---|---|
| 001 | 000040804 | ||
| 005 | 20201002034406.0 | ||
| 008 | 130906s2011 sp a 000 0 spa d | ||
| 020 | _a9788446011767 | ||
| 040 | _aDO-SdBNP | ||
| 100 | 1 |
_aArnheim, Rudolf _d1904-2007. _967224 |
|
| 245 | 1 | 3 |
_aEl poder del centro : _bviersión definitiva, estudio sobre la composición en las artes visuales / Rudolf Arnheim ; versión española de Remigio Gómez Díaz. / _cRudolf Arnheim ; versión española de Remigio Gómez Díaz. |
| 260 |
_aMadrid : _bAkal Arte Estética, _c2011. |
||
| 300 |
_a250 p. : _bil. ; _c23 cm. |
||
| 490 | 1 |
_aAkal Arte Estética _v58 |
|
| 504 | _aIncluye bibliografía e índice. | ||
| 700 | 1 |
_aGómez Díaz, Remigio, _etr. _967202 |
|
| 700 | 1 |
_aAlvaro Herrán-Biblioteca. _967225 |
|
| 830 | 0 |
_aAkal Arte Estética, _v58 _967226 |
|
| 999 |
_c40294 _d40294 |
||